International Trade Institutions

Salvato in:
Dettagli Bibliografici
Autore principale: Lanjouw, G.J
Natura: Libro
Lingua:inglese
Pubblicazione: London Longman 1996
Edizione:1. ed.
Soggetti:
Tags: Aggiungi Tag
Nessun Tag, puoi essere il primo ad aggiungerne!!

MARC

LEADER 00000nam a2200000 4500
001 c014199
005 20221205125327.1
020 |a 0-582-27764-7 
041 0 |a eng 
044 |a GB 
245 1 0 |a International Trade Institutions  |c G.J. Lanjouw 
250 |a 1. ed. 
264 1 |a London  |b Longman  |c 1996 
300 |a 100 s. 
610 2 0 |a obchod medzinárodný 
610 2 0 |a organizácie medzinárodné 
610 2 0 |a OZO 
100 1 |a Lanjouw, G.J.